00525nam a2200169Ia 4500008004100000041000800041082001400049100001500063245008000078250001200158260004100170300000800211650001700219942000700236952009700243999001500340230711s9999||||xx |||||||||||||| ||und|| aENG a720bHU-P aRob Hummel 0aPc magazine programmer's technical reference: the processor and coprocessor a1st Ed. c1992aNew JersybZD Press Eneryillia a761 aArchitecture cBK 001040708CaMCLbMCLd0000-00-00l0o720 HU-Pp11032r2023-08-17 14:02:33w2023-08-17yBK c2885d2885